000 00482nam a2200193Ia 4500
005 20250508150244.0
008 008 250505s9999 xx 000 0 eng d
037 _aReference
040 _aFEDL
_beng
_cFEDL
041 _aeng
_2eng
084 _a372, PIC
_qFEDL
100 _aPickett L H
_9756252
245 0 _aEarly childhood education
260 _c1924
300 _aviii,220p.
365 _aINR
_b3.75
942 _cREF
_h372, PIC
999 _c1322670
_d1322670